[Event "Tarragona Calbet Memorial"]
[Site "Tarragona"]
[Date "2013.06.01"]
[Round "8"]
[White "Sola Sendra, Francesco"]
[Black "Rodriguez Adell, Aaron"]
[Result "0-1"]
[WhiteElo "1841"]
[BlackElo "2043"]
[PlyCount "74"]
[EventDate "2013.04.13"]
[EventType "swiss"]
[EventRounds "8"]
[EventCountry "ESP"]
[SourceTitle "EXT 2014"]
[Source "ChessBase"]
[SourceDate "2013.11.20"]
[SourceVersion "1"]
[SourceVersionDate "2013.11.20"]
[SourceQuality "1"]

1. Nf3 Nf6 2. c4 g6 3. d4 Bg7 4. g3 0-0 5. Bg2 d5 6. 0-0 dxc4 7. Na3 c3 8. bxc3 c5 9. Qb3 Nc6 10. Rd1 Na5 11. Qb2 cxd4 12. cxd4 Ne4 13. Be3 Nd6 14. Rac1 Be6 15. Ne5 Bf5 16. Nac4 Naxc4 17. Nxc4 Rb8 18. Bf4 a6 19. Nxd6 exd6 20. Qb4 Re8 21. Bxd6 Bf8 22. Bxf8 Rxf8 23. d5 a5 24. Qb3 Qd6 25. e4 Bd7 26. Rc3 b5 27. Rdc1 a4 28. Qb2 b4 29. Rc7 f6 30. f4 h6 31. e5 fxe5 32. fxe5 Qb6+ 33. R1c5 Rbc8 34. d6 Rxc7 35. Bd5+ Kg7 36. e6+ Rf6 37. Qxf6+ Kxf6 0-1

[Event "Catalunya-ch U20"]
[Site "Vila Seca"]
[Date "2011.04.23"]
[Round "6"]
[White "Martin Perez, Laura"]
[Black "Rodriguez Adell, Aaron"]
[Result "1/2-1/2"]
[WhiteElo "1856"]
[BlackElo "2006"]
[PlyCount "83"]
[EventDate "2011.04.20"]
[EventType "swiss"]
[EventRounds "8"]
[EventCountry "ESP"]
[SourceTitle "EXT 2012"]
[Source "ChessBase"]
[SourceDate "2011.11.24"]
[SourceVersion "1"]
[SourceVersionDate "2011.11.24"]
[SourceQuality "1"]

1. e4 c5 2. Nf3 d6 3. d4 Nf6 4. Nc3 cxd4 5. Nxd4 a6 6. f3 e5 7. Nb3 Be6 8. Be3 Nbd7 9. g4 b5 10. Qd2 Be7 11. h4 Nb6 12. g5 Nh5 13. Nd5 Bxd5 14. exd5 Ng3 15. Rg1 Nxf1 16. Rxf1 Nc4 17. Qc1 Qc8 18. Bf2 Qb7 19. Nd2 Qxd5 20. Nxc4 Qxc4 21. Qd2 Rc8 22. c3 h6 23. gxh6 Rxh6 24. Rg1 Kf8 25. Rg4 Qe6 26. a4 f5 27. Rg1 e4 28. 0-0-0 b4 29. fxe4 bxc3 30. bxc3 Qb3 31. Bd4 Bf6 32. Qb2 Qxb2+ 33. Kxb2 fxe4 34. Bxf6 Rxf6 35. Rg4 Rf2+ 36. Kb3 e3 37. Re4 Rf3 38. Rxd6 e2 39. Rxe2 Rcxc3+ 40. Kb4 Rb3+ 41. Ka5 Rf4 42. Rd8+ 1/2-1/2

[Event "Catalunya-ch U20"]
[Site "Vila Seca"]
[Date "2011.04.22"]
[Round "5"]
[White "Rodriguez Adell, Aaron"]
[Black "Vidal Zamora, Alex"]
[Result "1-0"]
[WhiteElo "2006"]
[BlackElo "2128"]
[PlyCount "33"]
[EventDate "2011.04.20"]
[EventType "swiss"]
[EventRounds "8"]
[EventCountry "ESP"]
[SourceTitle "EXT 2012"]
[Source "ChessBase"]
[SourceDate "2011.11.24"]
[SourceVersion "1"]
[SourceVersionDate "2011.11.24"]
[SourceQuality "1"]

1. d4 Nf6 2. c4 g6 3. Nc3 Bg7 4. g3 0-0 5. Bg2 d6 6. Nf3 Nbd7 7. 0-0 c6 8. e4 e5 9. d5 cxd5 10. cxd5 a6 11. a4 Nc5 12. Ne1 Qb6 13. Ra3 Bd7 14. a5 Qb4 15. Nc2 Qc4 16. Re1 Qd3 17. b4 1-0

[Event "Catalunya-ch U20"]
[Site "Vila Seca"]
[Date "2011.04.22"]
[Round "4"]
[White "Rojano Alfonso, Carlos"]
[Black "Rodriguez Adell, Aaron"]
[Result "1-0"]
[WhiteElo "2011"]
[BlackElo "2006"]
[PlyCount "73"]
[EventDate "2011.04.20"]
[EventType "swiss"]
[EventRounds "8"]
[EventCountry "ESP"]
[SourceTitle "EXT 2012"]
[Source "ChessBase"]
[SourceDate "2011.11.24"]
[SourceVersion "1"]
[SourceVersionDate "2011.11.24"]
[SourceQuality "1"]

1. e4 c5 2. Nc3 a6 3. f4 b5 4. g3 Bb7 5. Qe2 g6 6. Bg2 Bg7 7. d3 Nc6 8. Nf3 d6 9. 0-0 b4 10. Nd5 e6 11. Ne3 Nge7 12. f5 exf5 13. exf5 0-0 14. Nh4 Nd4 15. Qf2 Bxg2 16. Qxg2 f6 17. fxg6 Nxg6 18. Qd5+ Kh8 19. Nhf5 Ne7 20. Qe4 Nexf5 21. Nxf5 Re8 22. Qg4 Nxf5 23. Rxf5 Re1+ 24. Rf1 Qe7 25. Bd2 Re2 26. Rae1 Re5 27. d4 cxd4 28. Bxb4 Bh6 29. Qxd4 Be3+ 30. Rxe3 Rxe3 31. Bxd6 Qe8 32. Qxf6+ Kg8 33. Qg5+ Qg6 34. Qd5+ Qe6 35. Qxa8+ Kg7 36. Qf8+ Kg6 37. Bf4 1-0

[Event "Catalunya-ch U20"]
[Site "Vila Seca"]
[Date "2011.04.21"]
[Round "2"]
[White "Fernandez Soriano, Ruben"]
[Black "Rodriguez Adell, Aaron"]
[Result "1/2-1/2"]
[WhiteElo "2080"]
[BlackElo "2006"]
[PlyCount "97"]
[EventDate "2011.04.20"]
[EventType "swiss"]
[EventRounds "8"]
[EventCountry "ESP"]
[SourceTitle "EXT 2012"]
[Source "ChessBase"]
[SourceDate "2011.11.24"]
[SourceVersion "1"]
[SourceVersionDate "2011.11.24"]
[SourceQuality "1"]

1. d4 d5 2. Nf3 Nf6 3. e3 e6 4. Bd3 c5 5. b3 Bd6 6. Bb2 Nc6 7. Nbd2 Qc7 8. a3 e5 9. dxc5 Bxc5 10. Bb5 Bd6 11. h3 0-0 12. 0-0 Qe7 13. Qe2 e4 14. Ne1 a6 15. Bxc6 bxc6 16. c4 a5 17. Nc2 Rb8 18. Nd4 Bd7 19. cxd5 Nxd5 20. Nc2 Rfe8 21. f4 exf3 22. Rxf3 Be5 23. Bxe5 Qxe5 24. Raf1 Re7 25. Nc4 Qc7 26. Qd3 Qb7 27. Nxa5 Qb6 28. b4 Rbe8 29. Nc4 Qa6 30. Rxf7 Rxf7 31. Rxf7 Be6 32. Rf3 Nxb4 33. Nxb4 Qxc4 34. Qxc4 Bxc4 35. Rf4 Bb5 36. Kf2 Ra8 37. Nc2 g6 38. Rb4 Bd3 39. Rb2 c5 40. Ke1 Kf7 41. Kd2 Bf1 42. Rb7+ Kf6 43. Rxh7 Bxg2 44. h4 Be4 45. Rc7 Bxc2 46. Kxc2 Rxa3 47. Kd2 Ra4 48. Rxc5 Rxh4 49. Ke2 1/2-1/2

[Event "Catalunya-ch U20"]
[Site "Vila Seca"]
[Date "2011.04.21"]
[Round "3"]
[White "Rodriguez Adell, Aaron"]
[Black "Coll Ortega, Jordi"]
[Result "1/2-1/2"]
[WhiteElo "2006"]
[BlackElo "2283"]
[PlyCount "45"]
[EventDate "2011.04.20"]
[EventType "swiss"]
[EventRounds "8"]
[EventCountry "ESP"]
[SourceTitle "EXT 2012"]
[Source "ChessBase"]
[SourceDate "2011.11.24"]
[SourceVersion "1"]
[SourceVersionDate "2011.11.24"]
[SourceQuality "1"]

1. d4 Nf6 2. c4 e6 3. Nf3 c5 4. g3 cxd4 5. Nxd4 Nc6 6. Nc2 d5 7. cxd5 exd5 8. Bg2 Be6 9. 0-0 Bc5 10. Nc3 0-0 11. Bg5 h6 12. Bxf6 Qxf6 13. Na4 Bb6 14. Nxb6 axb6 15. Bxd5 Rfd8 16. e4 Bxd5 17. exd5 Ra5 18. Ne3 Nb4 19. d6 Qe6 20. Qd2 Nc6 21. Rfd1 Rxa2 22. Rxa2 Qxa2 23. Nd5 1/2-1/2